000 01079cam a22003014a 4500
005 20260322212045.0
008 data
010 _a 2007050610
020 _a9780764138645
020 _a0764138642
040 _aDLC
_cDLC
_dDLC
050 0 0 _aPE1449
_b.B643 2008
082 0 0 _a428.1
_222
092 _a428.1 B643 2008
100 1 _aBromberg, Murray.
245 1 0 _a1100 words you need to know /
_cMurray Bromberg & Melvin Gordon.
246 3 _aEleven hundred words you need to know
246 1 4 _aBarron's 1100 words you need to know
250 _a5th ed., 40th anniversary ed.
260 _aHauppauge, N.Y. :
_bBarron's Educational Series,
_cc2008.
300 _avi, 397 p. ;
_c28 cm.
500 _aIncludes index.
505 0 _aFull pronunciation key -- Weeks 1-46 -- Buried words -- Words in context -- Answers -- Final review test -- Panorama of words -- Bonus material -- VOC/Quote -- Index.
650 0 _aVocabulary.
700 1 _aGordon, Melvin.
856 4 2 _3Publisher description
_uhttp://www.loc.gov/catdir/enhancements/fy0827/2007050610-d.html
001 data
999 _c1053
_d1053